00214nam a2200085Ia 4500008004100000100002000041245002100061260002600082650002000108190216s9999||||xx |||||||||||||| ||und|| aKesavamenon K P 0aPoorna Jeevitham bPoorna Pubs Kozhikode aEssay Malayalam